Online
Catalog

Leviatan, o La materia, forma y poder de una república, eclesiástica y civil / (Record no. 14418)

MARC details
000 -CABECERA
campo de control de longitud fija 00818cam a2200217 a 4500
001 - NÚMERO DE CONTROL
campo de control 000014838
005 - FECHA Y HORA DE LA ÚLTIMA TRANSACCIÓN
campo de control 20250314135209.0
008 - DATOS DE LONGITUD FIJA--INFORMACIÓN GENERAL
campo de control de longitud fija 870303s1940 mx 000 0 spa d
040 ## - FUENTE DE LA CATALOGACIÓN
Centro catalogador/agencia de origen DO-SdBNP
Lengua de catalogación spa
Centro/agencia transcriptor LC
Centro/agencia modificador BNPHU
082 ## - NÚMERO DE LA CLASIFICACIÓN DECIMAL DEWEY
Número de clasificación 320.1
Número de documento/Ítem H682L
049 ## - FONDOS LOCALES (OCLC)
Fondos de biblioteca BNGR
100 1# - ENTRADA PRINCIPAL--NOMBRE DE PERSONA
Nombre de persona Hobbes, Thomas,
Fechas asociadas al nombre 1588-1679.
9 (RLIN) 33619
245 10 - MENCIÓN DE TÍTULO
Título Leviatan, o La materia, forma y poder de una república, eclesiástica y civil /
Mención de responsabilidad, etc. Thomas Hobbes ; traducción y prefacio Manuel Sánchez Sarto.
260 ## - PUBLICACIÓN, DISTRIBUCIÓN, ETC.
Lugar de publicación, distribución, etc. México, D. F. :
Nombre del editor, distribuidor, etc. Fondo de Cultura Económica,
Fecha de publicación, distribución, etc. 1940.
300 ## - DESCRIPCIÓN FÍSICA
Extensión xxvii, 618 p. ;
Dimensiones 23 cm.
500 ## - NOTA GENERAL
Nota general "Primera edición inglesa, 1651 ... primera edición española, 1940."
650 #0 - PUNTO DE ACCESO ADICIONAL DE MATERIA--TÉRMINO DE MATERIA
Término de materia o nombre geográfico como elemento de entrada Estado
9 (RLIN) 726
650 #0 - PUNTO DE ACCESO ADICIONAL DE MATERIA--TÉRMINO DE MATERIA
Término de materia o nombre geográfico como elemento de entrada Ciencia política
9 (RLIN) 5772
700 1# - PUNTO DE ACCESO ADICIONAL--NOMBRE DE PERSONA
Nombre de persona Sánchez Sarto, Manuel,
Término indicativo de función/relación tr.
9 (RLIN) 33620
910 ## - DATOS DE OPCIÓN DEL USUARIO (OCLC)
Datos de opción del usuario Catalogación derivada
Holdings
Estado de retiro Estado de pérdida Restricciones de uso No para préstamo Código de colección Localización permanente Ubicación/localización actual Ubicación en estantería Fecha de adquisición Número de inventario Total de préstamos Signatura topográfica completa Código de barras Fecha visto por última vez Precio válido a partir de Tipo de ítem Koha
      Excluido de préstamo Monografías: Libros y Folletos General General En catalogación 22.01.2010 LF1   320.1 H682L 14838-10 25.06.2020 25.06.2020 No se presta

Powered by Koha